000 00634nam a2200241Ia 4500
003 OSt
005 20220928105327.0
006 a|||||r|||| 00| 0
007 ta
008 220927b |||||||| |||| 00| 0 eng d
024 _a45698
037 _cTextual
040 _aSDCL
_cSDCL
_beng
041 _2eng
_aeng
082 _aO-,3M62,HM, N1
100 _aWharton Edith
_9414753
245 0 _aThe house of mirth
260 _aLondon
_bDavid Cambell Publishers
_c1991
300 _a347p.
_ccm.
490 _aMilliennium Library
942 _hO-,3M62,HM, N1
_cTEXL
_2CC
999 _c730597
_d730597